Liturgické žalmy Liturgic psalms : pro scholu, lid a varhany /

Hlavní autor: Blabla, Jan, 1929-
Jazyk: Čeština
Vydáno: Praha : Spectrum, 2001
Edice: Musica sacra
Témata:
Fyzický popis: 1 partitura (24 s.) ; 29 cm
Hudebniny Hudebniny
Uloženo v:
LEADER 01354ncm a2200397 a 4500
001 000601551
003 CZ BrMZK
005 20120110111326.0
007 q
008 020521s2001 xr cca f cze d
015 |a cnb001027833 
024 2 |a M706523163 
028 2 1 |a 9906007  |b Spectrum 
040 |a BOA001  |b cze 
045 |a x-x- 
048 |a ct01  |b kb01 
072 7 |a 783  |x Církevní hudba. Duchovní hudba. Náboženská hudba  |2 Konspekt  |9 9 
080 |a 783.27  |2 MRF 
080 |a 783.2/.9  |2 MRF 
080 |a 78.089.6  |2 MRF 
100 1 |a Blabla, Jan,  |d 1929-  |7 jn20000400182  |4 cmp 
245 1 0 |a Liturgické žalmy  |h [hudebnina] =  |b Liturgic psalms : pro scholu, lid a varhany /  |c Jan Blabla = Liturgische Psalmen : (timpany ad libitum) 
246 3 1 |a Liturgic psalms 
246 3 1 |a Liturgische Psalmen 
260 |a Praha :  |b Spectrum,  |c 2001 
300 |a 1 partitura (24 s.) ;  |c 29 cm 
490 1 |a Musica sacra 
648 7 |a 20. století  |7 ch460558  |2 czenas 
650 0 7 |a žalmy (hudba)  |7 ph202185  |2 czenas 
650 0 4 |a žalmy (schola, lid, varhany) 
650 0 7 |a bohoslužebné zpěvy křesťanské  |7 ph224313  |2 czenas 
655 0 7 |a partitury  |7 fd185981  |2 czenas 
830 0 |a Musica sacra 
910 |a BOA001  |b Mus4-1094.605 
990 |a MU 
996 6 |b 2610160954  |c Mus4-1094.605  |l MZK  |r Sklad / do 1 hodiny  |n 6  |w 000601551  |u 000010  |a 1  |e BOA001  |j MZK50  |s P